000 00337nam a22001337a 4500
005 20250919152500.0
020 _a9781804441619
082 _a320.553 STA/E
100 _aStanley ,Jason
_91791
245 _aErasing history/
_cby Jason Stanley
260 _a. - UK
_b: Footnote press
_c, 2024
300 _axxi+233 pages
942 _2ddc
_cBK
999 _c751590
_d751590